Statystyki dla Kraje Najbliżej Polski - Jedna Minuta Sprint

Kliknij tutaj aby rozwiązać quiz!

Ogólne statystyki

  • Ten quiz został rozwiązany 3 589 razy
  • Średni wynik to 14 z 20

Statystyki odpowiedzi

kmkraj% Poprawnych
0Niemcy
99%
0Czechy
98%
0Rosja
97%
0Słowacja
96%
0Ukraina
96%
0Litwa
95%
0Białoruś
94%
190Łotwa
87%
76Węgry
79%
396Estonia
76%
143Austria
75%
94Dania
63%
154Szwecja
63%
345Słowenia
59%
101Rumunia
53%
370Chorwacja
41%
464Holandia
39%
287Mołdawia
34%
334Serbia
33%
454Włochy
33%

Rozkład punktacji

Percentyl według liczby udzielonych odpowiedzi

Procent ludzi z każdym wynikiem

Twoja historia wyników

Nie rozwiązałeś tego quizu